000 00812nam a2200253Ia 4500
003 OSt
005 20220918165903.0
006 a|||||r|||| 00| 0
007 ta
008 220917b |||||||| |||| 00| 0 eng d
020 _a8178122502 (pbk)
_c560
024 _a284,534
037 _bCBS/238, 16/01/2015, Classic Book Service
_cTextual
040 _aARTS
_cARTS
_beng
041 _2eng
_aeng
082 _a2:(T4:5,1), Q5
100 _aGupta R
_925939
245 0 _aPopular master guide UGC-NET/SET
_b Library and information science paper II and III
260 _aNew Delhi
_bRamesh Publishing House India
_c2015
300 _a760p.
_ccm.
650 _aLIBRARY SCIENCE
942 _h2:(T4:5,1), Q5
_cTEXL
_2CC
999 _c131549
_d131549